Statistics for Best Football Players on Year 2013

Click here to take the quiz!

General Stats

  • This quiz has been taken 97 times
  • The average score is 71 of 100

Answer Stats

Rank Answer Post Club Country % Correct
1Cristiano RonaldoLWReal MadridPortugal
100%
3Lionel MessiSTFC BarcelonaArgentina
100%
2Franck RibéryLWBayern MunichFrance
99%
4Zlatan IbrahimovicSTParis SGSweden
99%
6Arjen RobbenRWBayern MunichNetherlands
97%
7Gareth BaleLWReal MadridWales
97%
8Radamel FalcaoSTAS MonacoColombia
97%
18Xavi HernandezMFFC BarcelonaSpain
96%
10Luis SuarezSTLiverpool FCUruguay
96%
5Andrès IniestaMFFC BarcelonaSpain
96%
9Thiago SilvaDFParis SGBrazil
95%
33David SilvaMFManchester CitySpain
95%
29Wayne RooneySTManchester UnitedEngland
95%
20Neymar JRSTFC BarcelonaBrazil
95%
15Robin Van PersieSTManchester UnitedNetherlands
94%
14Mesut OzilMFArsenal FCGermany
92%
21Eden HazardRWChelsea FCBelgium
92%
24Sergio AgueroSTManchester CityArgentina
91%
11Edinson CavaniSTParis SGUruguay
91%
12Robert LewandowskiSTBorussia DortmundPoland
90%
22Yaya TouréMFManchester CityIvory Coast
90%
17Philip LahmRBBayern MunichGermany
90%
31Sergio RamosDFReal MadridSpain
90%
19Manuel NeuerGKBayern MunichGermany
86%
36Petr CechGKChelsea FCCzech Republic
86%
23Andrea PirloMFJuventus TurinItaly
86%
26Vincent KompanyDFManchester CityBelgium
86%
27Juan MataLWManchester UnitedSpain
85%
46Carlos TevezSTJuventus TurinArgentina
82%
58Gérard PiquéDFFC BarcelonaSpain
82%
16Thomas MullerSTBayern MunichGermany
81%
55Karim BenzemaSTReal MadridFrance
79%
28Marco ReusLWBorussia DortmundGermany
79%
81HulkLWZenit St PetersburgBrazil
78%
60Didier DrogbaSTGalatasarayIvory Coast
78%
42Diego CostaSTAtletico MadridBrazil/Spain
78%
13Bastian SchweinsteigerMFBayern MunichGermany
77%
30Mats HummelsDFBorussia DortmundGermany
77%
38Arturo VidalMFJuventus TurinChile
76%
54Gianluigi BuffonGKJuventus TurinItaly
76%
52Jordi AlbaLBFC BarcelonaSpain
76%
68Victor ValdèsGKFC BarcelonaSpain
74%
62Mario BalotelliSTAC MilanItaly
74%
70Paul PogbaMFJuventus TurinFrance
74%
51Edin DzekoSTManchester CityBosnia
74%
37PedroLWFC BarcelonaSpain
74%
25Mario GotzeMFBayern MunichGermany
73%
49Xabi AlonsoMFReal MadridSpain
73%
44Cesc FabregasMFFC BarcelonaSpain
73%
39Mario MandzukicSTBayern MunichCroatia
73%
43Santi CazorlaMFArsenal FCSpain
72%
47Dani AlvèsRBFC BarcelonaBrazil
72%
40Wesley SneijderMFGalatasarayNetherlands
72%
82Marouane FellainiMFManchester UnitedBelgium
71%
71MarceloLBReal MadridBrazil
71%
77Thibault CourtoisGKAtletico MadridBelgium
68%
34Gonzalo HiguainSTSSC NaplesArgentina
68%
66James RodriguezLWAS MonacoColombia
68%
61Marek HamsikMFSSC NaplesSlovakia
68%
45Giorgio ChielliniDFJuventus TurinItaly
68%
64Ezequiel LavezziLWParis SGArgentina
68%
35Sergio BusquetsMFFC BarcelonaSpain
67%
48David AlabaLBBayern MunichAustria
67%
86Aaron RamseyMFArsenal FCWales
65%
53Toni KroosMFBayern MunichGermany
65%
59OscarMFChelsea FCBrazil
65%
65Raphael VaraneDFReal MadridFrance
64%
99Jackson MartinezSTFC PortoColombia
64%
75Daniel SturridgeSTLiverpool FCEngland
64%
50Alvaro NegredoSTManchester CitySpain
64%
83Javi MartinezMFBayern MunichSpain
64%
80Klaas-Jar HuntelaarSTSchalke 04Netherlands
64%
88DanteDFBayern MunichBrazil
62%
96Olivier GiroudSTArsenal FCFrance
60%
94Blaise MatuidiMFParis SGFrance
60%
84Pablo ZabaletaRBManchester CityArgentina
60%
72Joao MoutinhoMFAS MonacoPortugal
60%
32Ilkay GundoganMFBorussia DortmundGermany
59%
76IscoMFReal MadridSpain
59%
67Jan VertonghenDFTottenham HotspurBelgium
56%
87Arda TuranLWAtlético MadridTurkey
56%
92Christian EriksenMFTottenham HotspurDenmark
56%
73Fernando LlorenteSTJuventus TurinSpain
55%
41Claudio MarchisioMFJuventus TurinItaly
55%
56Thiago MottaMFParis SGItaly
54%
91Leighton BainesLBEvertonEngland
54%
57Mikel ArtetaMFArsenal FCSpain
54%
63Andrea BarzagliDFJuventus TurinItaly
47%
74Stephan El ShaarawyLWAC MilanItaly
46%
95Samir HandanovicGKInter MilanSlovenia
46%
69Stefan KießlingSTBayer LeverkusenGermany
45%
78Ricardo MontolivoMFAC MilanItaly
42%
97Julian DraxlerMFSchalke 04Germany
42%
93JuanfranRBAtletico MadridSpain
41%
90Carlos VelaLWReal SociedadMexico
40%
79Jakub BlaszczykowskiRWBorussia DortmundPoland
37%
100Burak YilmazSTGalatasarayTurkey
35%
85Rodrigo PalacioLWInter MilanArgentina
32%
89Mirko VucinicSTJuventus TurinMontenegro
32%
98Sven BenderMFBorussia DortmundGermany
28%

Score Distribution

Percentile by Number Answered

Percent of People with Each Score

Your Score History

You have not taken this quiz